01013nmm a2200301 a 4500003000900000005001700009008004100026020001800067040001300085100001900098245013400117260003200251300001600283500005600299500004800355500004700403504002600450650002700476650002100503650002800524650001000552650001000562653002200572653002500594653001900619700003200638700004100670AR-BaBNM20251128204707.0287019s1977 ||||||||||||||000 | spa|| a950-22-0300-3 cAR-BaBNM1 aBokser, Alicia10aEl mundo sonoro en el jardínbguía didáctica para la actividad musical en el jardín de infantes niveles : 3, 4 y 5 años aBuenos AiresbRicordic19770 a103 p.bil.0 aIndice de canciones propuestas por niveles p. 97-980 aIndice de canciones por títulos p. 99-1000 aIndice de canciones por autores p. 101-102 aBibliografía p. 103 4aENSENANZA DE LA MUSICA 4aGUIA DEL DOCENTE 4aOBJETIVOS EDUCACIONALES 4aCANTO 4aRITMO 0aEDUCACION INICIAL 0aJARDINES DE INFANTES 0aLECTOESCRITURA1 aSpivak de Bernstein, Silvia1 aSchneider, Esther S. deeprologuista